书目信息 |
| 题名: |
地理学
|
|
| 作者: | 赫特纳 , Hettner 著 ;王兰生 译 | |
| 分册: | ||
| 出版信息: | 北京 商务印书馆 1983 |
|
| 页数: | 523页 | |
| 开本: | 20cm | |
| 丛书名: | ||
| 单 册: | ||
| 中图分类: | K956.1 | |
| 科图分类: | ||
| 主题词: | 地理学 | |
| 电子资源: | ||
| ISBN: | ||
| 000 | 00656nam0 2200241 450 | |
| 001 | 1252795225 | |
| 005 | 20121012144052.51 | |
| 010 | @dCNY2.10 | |
| 091 | @a12017.283 | |
| 100 | @a19971124d1983 em y0chiy0110 ea | |
| 101 | 1 | @achi@cger |
| 102 | @aCN@b110000 | |
| 105 | @ay z 000yy | |
| 200 | 1 | @a地理学@Adi li xue@e它的历史、性质和方法@f(德)赫特纳(A.Hettner)著@g王兰生译 |
| 210 | @a北京@c商务印书馆@d1983 | |
| 215 | @a523页@d20cm | |
| 606 | 0 | @a地理学 |
| 690 | @aK956.1@v3 | |
| 701 | 1 | @a赫特纳@Ahe te na@bA.@4著 |
| 701 | 1 | @aHettner@bA.@4著 |
| 702 | 0 | @a王兰生@Awang lan sheng@4译 |
| 801 | 0 | @aCN@bNLC@c20101222 |
| 905 | @a10447@dK956.1@eJY1 | |
| 地理学:它的历史、性质和方法/(德)赫特纳(A.Hettner)著/王兰生译.-北京:商务印书馆,1983 |
| 523页;20cm |
| ISBN :CNY2.10 |
| ● |
| 相关链接 |
|
|
|
|
正题名:地理学
索取号:K956.1/JY1
 
预约/预借
| 序号 | 登录号 | 条形码 | 馆藏地/架位号 | 状态 | 备注 |
| 1 | 7825662 | 278256628 | 学院路分馆/ [索取号:K956.1/JY1] | 在馆 | |
| 2 | 7825663 | 278256637 | 学院路分馆/ [索取号:K956.1/JY1] | 在馆 | |
| 3 | 7825664 | 278256646 | 学院路分馆/ [索取号:K956.1/JY1] | 在馆 | |
| 4 | 7825665 | 278256655 | 学院路分馆/ [索取号:K956.1/JY1] | 在馆 |